Los Prisioneros - canciones - Estadísticas

Estadísticas generales
  • Esta prueba ha sido intentada 374 veces
  • La puntuación promedio es 32 de 44
Estadísticas de respuestas
La Voz De Los '80 % Correcto
La Voz De Los '80
97%
Sexo
93%
¿Quién Mató A Marilyn?
92%
Tren Al Sur
91%
El Baile De Los Que Sobran
90%
Estrechez De Corazón
87%
Paramar
87%
Corazones Rojos
84%
Muevan Las Industrias
84%
¿Por Qué No Se Van?
83%
Amiga Mía
82%
Latinoamérica Es Un Pueblo Al Sur De Estados Unidos
81%
Nunca Quedas Mal Con Nadie
81%
Quieren Dinero
80%
Brigada De Negro
79%
De La Cultura De La Basura
78%
Mentalidad Televisiva
78%
No Necesitamos Banderas
78%
Eve-Evelyn
77%
Por Qué Los Ricos
77%
Pa Pa Pa
75%
Maldito Sudaca
74%
Exijo Ser Un Héroe
73%
Noche En La Ciudad
72%
Con Suavidad
70%
Cuéntame Una Historia Original
70%
Estar Solo
68%
Lo Estamos Pasando Muy Bien
68%
Por Amarte
68%
Es Demasiado Triste
67%
Independencia Cultural
66%
Por Favor
66%
Que No Destrocen Tu Vida
66%
We Are Sudamerican Rockers
66%
Una Mujer Que No Llame La Atención
65%
El Vals
63%
Cuando Te Vayas
62%
Él Es Mi Ídolo
59%
Somos Sólo Ruido
59%
Jugar A La Guerra
58%
Usted Y Su Ambición
58%
Algo Tan Moderno
54%
Poder Elegir
53%
Otro Día
49%
No se encontraron pruebas coincidentes
Distribución de puntuación
Porcentaje de gente con cada puntuación
Porcentaje por número respondido
Historial de tus puntuaciones
No has intentado esta prueba.